| 000 | 01130nam a2200265 i 4500 | ||
|---|---|---|---|
| 001 | 42436 | ||
| 003 | ES-MaACL | ||
| 005 | 20250821063019.0 | ||
| 007 | t| | ||
| 008 | 151207s2011 sp ||||1| spa d | ||
| 080 | _a74 Kovatchev, Valentin (083.824) | ||
| 080 | _a75 Kovatchev, Valentin (083.824) | ||
| 080 | _a76 Kovatchev, Valentin (083.824) | ||
| 100 | 1 |
_aKovatchev, Valentin, _d1953- _9157915 |
|
| 245 | 1 | 0 |
_aDos almas, una esencia : _bdel 25 de mayo al 25 de junio de 2011 : Sala de Exposiciones del Rectorado, Universidad de Málaga / _cValentin Kovatchev ; [comisariado, Rosario Escobar Segovia]. |
| 260 |
_a[Málaga] : _bUniversidad de Málaga, Vicerrectorado de Cultura y Relaciones Institucionales, _c[ 2011] |
||
| 300 |
_a77 p. : _bil. col. y n. ; _c28 x 24 cm. |
||
| 600 | 1 | 7 |
_aKovatchev, Valentin, _d1953- _vExposiciones _2 _9157916 |
| 655 | 7 |
_2tgfbne _9193628 _aCatálogos de exposiciones |
|
| 700 | 1 |
_aEscobar Segovia, Rosario. _9158284 |
|
| 710 | 2 |
_aUniversidad de Málaga. _97219 |
|
| 852 |
_aES-MaACL _jA-13461 _944002 _bR.150540 _cDEPO1 _dOlim: N-6461 |
||
| 942 | _2udc | ||
| 999 |
_c42436 _d42436 |
||